[Event "World Blitz 2015"]
[Site "Berlin GER"]
[Date "2015.10.13"]
[Round "10.71"]
[White "Agrest, Evgenij"]
[Black "Mikhalevski, Victor"]
[Result "1/2-1/2"]
[WhiteTitle "GM"]
[BlackTitle "GM"]
[WhiteElo "2596"]
[BlackElo "2536"]
[WhiteFideId "1705024"]
[BlackFideId "2801914"]
[EventDate "2015.10.13"]

1. c4 e5 2. Nc3 Bb4 3. Nd5 Bc5 4. Nf3 c6 5. Nc3 Qe7 6. d4 exd4 7. Nxd4 d6 8. Bf4
Nf6 9. e3 O-O 10. Be2 Rd8 11. Bg5 h6 12. Bh4 a5 13. O-O Na6 14. Bf3 Ba7 15. Re1
Qe5 16. Bg3 Qg5 17. Qc2 Nb4 18. Qb1 Bxd4 19. exd4 Bf5 20. Ne4 Qg6 21. Nxf6+ Qxf6
22. Be4 Be6 23. a3 Na6 24. d5 cxd5 25. cxd5 Bd7 26. b4 axb4 27. axb4 Rac8 28.
Bd3 Nc7 29. Ra7 Nxd5 30. Rxb7 Rb8 31. Rxb8 Rxb8 32. b5 Nc3 33. Qb4 Bxb5 34. Qxd6
Qxd6 35. Bxd6 Rd8 36. Bxb5 Rxd6 37. Bf1 1/2-1/2

[Event "World Blitz 2015"]
[Site "Berlin GER"]
[Date "2015.10.13"]
[Round "10.73"]
[White "Maze, Sebastien"]
[Black "Al-Sayed, Mohammed"]
[Result "0-1"]
[WhiteTitle "GM"]
[BlackTitle "GM"]
[WhiteElo "2582"]
[BlackElo "2520"]
[WhiteFideId "613762"]
[BlackFideId "12100196"]
[EventDate "2015.10.13"]

1. e4 c5 2. Nf3 d6 3. Bb5+ Bd7 4. c4 Nf6 5. Nc3 Nc6 6. d4 cxd4 7. Nxd4 g6 8. f3
Bg7 9. Be3 O-O 10. O-O a6 11. Bxc6 bxc6 12. c5 Qb8 13. Qd2 Rd8 14. cxd6 exd6 15.
Rfd1 Be8 16. Rac1 d5 17. exd5 Nxd5 18. Nxd5 Rxd5 19. Qc2 Qb7 20. Ne2 Qxb2 21.
Rxd5 cxd5 22. Qxb2 Bxb2 23. Rc2 Bf6 24. Bd4 Kg7 25. Kf2 Bb5 26. Bxf6+ Kxf6 27.
Nd4 Bc4 28. Rb2 a5 29. Rb6+ Kg7 30. a3 Re8 31. g4 h6 32. h4 Re7 33. Rb8 Rc7 34.
Ra8 Rb7 35. Rxa5 Rb2+ 36. Ke3 Rh2 37. Ra7 Rxh4 38. a4 Rh1 39. a5 Re1+ 40. Kf4
Bd3 41. Rd7 Bc4 42. Ra7 Kf6 43. Ra8 g5+ 44. Kg3 Rd1 45. Nf5 h5 46. a6 h4+ 47.
Kf2 Ra1 48. a7 Ra2+ 49. Ke3 Ra3+ 50. Kd4 Rd3+ 51. Kc5 Ra3 52. Kb6 Rb3+ 53. Kc7
Ra3 54. Nd6 h3 55. Kb6 Rb3+ 56. Ka5 Ra3+ 57. Kb4 Ra1 58. Ne8+ Ke5 59. Nc7 Kf4
60. Rh8 Rxa7 61. Ne8 Ra8 62. Kc5 Kg3 63. Kd4 h2 0-1

[Event "World Blitz 2015"]
[Site "Berlin GER"]
[Date "2015.10.13"]
[Round "10.74"]
[White "Heimann, Andreas"]
[Black "Piorun, Kacper"]
[Result "0-1"]
[WhiteTitle "IM"]
[BlackTitle "GM"]
[WhiteElo "2546"]
[BlackElo "2609"]
[WhiteFideId "24624632"]
[BlackFideId "1130420"]
[EventDate "2015.10.13"]

1. e4 e6 2. d4 d5 3. Nc3 Bb4 4. e5 c5 5. a3 Bxc3+ 6. bxc3 Ne7 7. Qg4 Kf8 8. a4
Qc7 9. Bd2 b6 10. Nf3 Ba6 11. Bxa6 Nxa6 12. O-O h6 13. Qf4 Kg8 14. a5 Ng6 15.
Qe3 Kh7 16. axb6 axb6 17. h4 Qb7 18. h5 Ne7 19. Qd3+ Kg8 20. Qb5 Kh7 21. Qd3+
Kg8 22. Rfb1 c4 23. Qe2 Kh7 24. Bc1 Nc7 25. g4 Rxa1 26. Rxa1 Ra8 27. Rxa8 Qxa8
28. Kg2 Qa1 29. Bd2 Nb5 30. Qe3 Qd1 31. Qf4 Kg8 32. Ne1 Qe2 33. Kg3 Kf8 34. Nf3
Ke8 35. Ne1 Na3 36. Qe3 Qxe3+ 37. Bxe3 Nb1 38. Bc1 Nxc3 39. Kf3 Nb5 40. Ke3 Nc6
41. Nf3 Nb4 42. Kd2 Na2 43. Kd1 Nbc3+ 44. Kd2 Ne4+ 45. Kd1 Nxc1 46. Kxc1 Nxf2
47. Nh2 Ne4 48. Kb2 Kd7 49. Ka3 Kc6 50. Kb4 Nd2 51. Kc3 Ne4+ 52. Kb4 f6 53. exf6
Nxf6 54. Ka4 Nd7 55. Nf3 Kd6 56. Kb5 e5 57. dxe5+ Nxe5 58. Nd4 Ke7 59. Nf5+ Kf6
60. Ne3 d4 61. Nd5+ Kg5 62. Nxb6 d3 63. cxd3 cxd3 64. Na4 d2 65. Nb2 Nxg4 66.
Kc4 Nf2 0-1

[Event "World Blitz 2015"]
[Site "Berlin GER"]
[Date "2015.10.13"]
[Round "10.75"]
[White "Sanal, Vahap"]
[Black "Ernst, Sipke"]
[Result "1-0"]
[WhiteTitle "IM"]
[BlackTitle "GM"]
[WhiteElo "2501"]
[BlackElo "2527"]
[WhiteFideId "6300545"]
[BlackFideId "1004689"]
[EventDate "2015.10.13"]

1. Nf3 d5 2. g3 c6 3. Bg2 Bg4 4. d3 Nd7 5. O-O e5 6. Nbd2 Ngf6 7. h3 Bh5 8. g4
Bg6 9. Nh4 Be7 10. e3 Qb6 11. Qe2 Nc5 12. b3 Nfd7 13. Nxg6 hxg6 14. c4 Ne6 15.
cxd5 cxd5 16. Bxd5 Rxh3 17. Kg2 Rh4 18. Nc4 Qc5 19. Bxb7 Nf6 20. Rh1 Rxh1 21.
Kxh1 Rb8 22. Bf3 e4 23. dxe4 Ng5 24. e5 Nfe4 25. Bb2 Kd7 26. Rd1+ Ke6 27. Kg2
Rh8 28. Ba3 Qc6 29. Na5 Qc7 30. Qa6+ Bd6 31. exd6 Qc2 32. d7+ Ke5 33. Nc4+ 1-0

[Event "World Blitz 2015"]
[Site "Berlin GER"]
[Date "2015.10.13"]
[Round "10.76"]
[White "Stern, Rene"]
[Black "Berend, Elvira"]
[Result "1-0"]
[WhiteTitle "GM"]
[BlackTitle "WGM"]
[WhiteElo "2538"]
[BlackElo "2370"]
[WhiteFideId "4611799"]
[BlackFideId "4000510"]
[EventDate "2015.10.13"]

1. d4 Nf6 2. c4 g6 3. Nc3 Bg7 4. e4 d6 5. Nf3 O-O 6. Be2 e5 7. dxe5 dxe5 8. O-O
Nc6 9. Bg5 Be6 10. Nd5 Re8 11. h3 Bxd5 12. exd5 Nb8 13. Qb3 b6 14. Rfe1 Nbd7 15.
Bf1 Nc5 16. Qc2 h6 17. Be3 a5 18. Rad1 Nfd7 19. b3 f5 20. a3 f4 21. Bc1 a4 22.
b4 Nb3 23. Qxg6 Nxc1 24. Rxc1 Qf6 25. Qe4 Qe7 26. Bd3 Nf6 27. Qxe5 Qxe5 28. Nxe5
Nxd5 29. Be4 c6 30. Nxc6 Nf6 31. Ne7+ Kf7 32. Bxa8 Rxa8 33. Nd5 Nxd5 34. cxd5
Bd4 35. Rc7+ Kf6 36. Re6+ Kf5 37. Rf7+ Kg5 38. h4+ Kh5 39. Re4 Kg6 40. Rfxf4 Bf6
41. Re6 Rf8 42. g4 1-0

[Event "World Blitz 2015"]
[Site "Berlin GER"]
[Date "2015.10.13"]
[Round "10.77"]
[White "Fedorchuk, Sergey A."]
[Black "Van Foreest, Jorden"]
[Result "0-1"]
[WhiteTitle "GM"]
[BlackTitle "IM"]
[WhiteElo "2635"]
[BlackElo "2548"]
[WhiteFideId "14102536"]
[BlackFideId "1039784"]
[EventDate "2015.10.13"]

1. e4 e5 2. Nf3 Nc6 3. Bb5 g6 4. c3 d6 5. d4 Bd7 6. O-O Bg7 7. Re1 Nf6 8. Bg5 h6
9. Bh4 O-O 10. Ba4 Qc8 11. Bxf6 Bxf6 12. d5 Ne7 13. Bxd7 Qxd7 14. c4 Bg7 15. Nc3
f5 16. b4 a5 17. a3 fxe4 18. Nxe4 Rf4 19. Rc1 axb4 20. axb4 Qa4 21. Qd2 Nf5 22.
c5 Rxf3 23. gxf3 Nd4 24. Re3 dxc5 25. bxc5 h5 26. d6 Bh6 27. Kg2 Rf8 28. Qd3 Qd7
29. Rb1 Bxe3 30. fxe3 Nxf3 31. Ng3 Nh4+ 32. Kh1 Qh3 33. Qd5+ Kh7 34. d7 Rf2 35.
Qf7+ Rxf7 36. d8=Q Qg2# 0-1

[Event "World Blitz 2015"]
[Site "Berlin GER"]
[Date "2015.10.13"]
[Round "10.78"]
[White "Stefansson, Hannes"]
[Black "Hasangatin, Ramil"]
[Result "1-0"]
[WhiteTitle "GM"]
[BlackTitle "GM"]
[WhiteElo "2602"]
[BlackElo "2509"]
[WhiteFideId "2300087"]
[BlackFideId "4122160"]
[EventDate "2015.10.13"]

1. d4 d6 2. e4 Nf6 3. Nc3 e5 4. Nf3 Nbd7 5. Bc4 Be7 6. O-O O-O 7. a4 c6 8. h3
exd4 9. Nxd4 Ne5 10. Ba2 Re8 11. f4 Ng6 12. Nf3 Bf8 13. Qd3 Be6 14. f5 Bxa2 15.
fxg6 Be6 16. gxf7+ Bxf7 17. Bg5 Qb6+ 18. Kh2 Nd7 19. Be3 Qc7 20. Bf4 Nc5 21. Qe3
Ne6 22. Bg3 Be7 23. Rad1 Bh5 24. Rd2 Rf8 25. Qd3 Rad8 26. Rdf2 Bf6 27. Nd2 Nc5
28. Qc4+ Qf7 29. Qb4 Na6 30. Qa3 Qe6 31. Nf3 Bg6 32. Nh4 Bxe4 33. Nxe4 Qxe4 34.
Nf5 d5 35. Bd6 Be5+ 36. Bxe5 Qxe5+ 37. Kg1 Rfe8 38. Qf3 h6 39. Qg4 Rf8 40. Nxh6+
Kh7 41. Nf7 Rxf7 42. Rxf7 Nc5 43. R1f5 Qe3+ 44. Kh2 1-0

[Event "World Blitz 2015"]
[Site "Berlin GER"]
[Date "2015.10.13"]
[Round "10.79"]
[White "Rasmussen, Allan Stig"]
[Black "Kunin, Vitaly"]
[Result "0-1"]
[WhiteTitle "GM"]
[BlackTitle "GM"]
[WhiteElo "2498"]
[BlackElo "2556"]
[WhiteFideId "1406000"]
[BlackFideId "4128737"]
[EventDate "2015.10.13"]

1. e4 d6 2. d4 Nf6 3. Nc3 Nbd7 4. Nf3 e5 5. Bc4 Be7 6. O-O O-O 7. Re1 c6 8. a4
exd4 9. Nxd4 Ne5 10. Bb3 Re8 11. h3 Bd7 12. f4 Ng6 13. Qf3 Qc7 14. Be3 Bf8 15.
Rad1 a6 16. Bf2 b5 17. axb5 axb5 18. Nf5 d5 19. Ng3 b4 20. Nb1 Qxf4 21. Qxf4
Nxf4 22. Be3 Ng6 23. exd5 Rxe3 24. Rxe3 Bc5 25. Kf2 Re8 26. Nf1 cxd5 27. Bxd5
Bf5 28. Kf3 Nh4+ 29. Ke2 Bxe3 30. Nxe3 Bxc2 31. Rc1 Nxd5 32. Rxc2 Nxe3 33. Rc7
Nd5+ 0-1

[Event "World Blitz 2015"]
[Site "Berlin GER"]
[Date "2015.10.13"]
[Round "10.80"]
[White "Valdes Romero, Leonardo"]
[Black "Olafsson, Helgi"]
[Result "1-0"]
[WhiteTitle "IM"]
[BlackTitle "GM"]
[WhiteElo "2362"]
[BlackElo "2549"]
[WhiteFideId "6500331"]
[BlackFideId "2300010"]
[EventDate "2015.10.13"]

1. Nf3 d5 2. g3 c5 3. Bg2 Nc6 4. d4 Nf6 5. O-O Bg4 6. dxc5 e5 7. h3 Bxf3 8. Bxf3
e4 9. Bg2 Bxc5 10. c4 e3 11. Bxe3 Bxe3 12. fxe3 dxc4 13. Na3 Qe7 14. Nxc4 Rd8
15. Qb3 O-O 16. Rad1 Nh5 17. g4 Ng3 18. Rfe1 Ne4 19. Rxd8 Rxd8 20. Rd1 Re8 21.
Qd3 Nc5 22. Qd6 Kf8 23. Qxe7+ Kxe7 24. Nd6 Rb8 25. b3 g6 26. Nxb7 Rxb7 27. Bxc6
Rb6 28. Bf3 Re6 29. Kf2 Ra6 30. Rc1 Kd6 31. Rc2 Rb6 32. Rd2+ Ke7 33. Rd5 Na6 34.
Ra5 Kd6 35. Be4 Nc5 36. Bf3 a6 37. e4 f6 38. g5 Rb5 39. Rxb5 axb5 40. gxf6 Ke6
41. Ke3 Kxf6 42. Kd4 Na6 43. e3 Nb4 44. a4 Nc2+ 45. Kc5 bxa4 46. bxa4 Nxe3 47.
a5 1-0

[Event "World Blitz 2015"]
[Site "Berlin GER"]
[Date "2015.10.13"]
[Round "10.81"]
[White "Pham, Le Thao Nguyen"]
[Black "Handke, Florian"]
[Result "1-0"]
[WhiteTitle "IM"]
[BlackTitle "GM"]
[WhiteElo "2319"]
[BlackElo "2531"]
[WhiteFideId "12401226"]
[BlackFideId "4634527"]
[EventDate "2015.10.13"]

1. d4 Nf6 2. Nf3 g6 3. Bf4 Bg7 4. e3 O-O 5. Be2 b6 6. h3 Bb7 7. O-O d6 8. c4
Nbd7 9. Nc3 Ne4 10. Rc1 Nxc3 11. Rxc3 c5 12. Bg3 Rc8 13. Rc1 a6 14. b3 cxd4 15.
Nxd4 Nc5 16. Bf3 Qd7 17. Bxb7 Qxb7 18. Qe2 Rb8 19. f3 b5 20. b4 Na4 21. c5 Rbd8
22. cxd6 exd6 23. Qd3 Qd5 24. Qd2 Nb6 25. Rfd1 Nc4 26. Qe1 Rfe8 27. Bf2 Bxd4 28.
Rxd4 Qxd4 29. exd4 Rxe1+ 30. Rxe1 Kf8 31. Be3 f6 32. Bh6+ Kf7 33. Kf2 g5 34. h4
Kg6 35. hxg5 fxg5 36. Rh1 Re8 37. f4 gxf4 38. Bxf4 Re4 39. g3 Rxd4 40. Rh6+ Kg7
41. Re6 Rd3 42. Re7+ Kg6 43. Re6+ Kf7 44. Rh6 Kg7 45. Re6 Ra3 46. Bxd6 Rxa2+ 47.
Kf3 Kf7 48. Re7+ Kf6 49. Bc5 Ne5+ 50. Ke4 Re2+ 51. Kd5 Rd2+ 52. Ke4 Nf7 53. Ra7
Ra2 54. g4 Ng5+ 55. Kd5 h6 56. Bd4+ Kg6 57. Rg7# 1-0

[Event "World Blitz 2015"]
[Site "Berlin GER"]
[Date "2015.10.13"]
[Round "10.82"]
[White "Petursson, Margeir"]
[Black "Teske, Henrik"]
[Result "0-1"]
[WhiteTitle "GM"]
[BlackTitle "GM"]
[WhiteElo "2520"]
[BlackElo "2475"]
[WhiteFideId "2300028"]
[BlackFideId "4611500"]
[EventDate "2015.10.13"]

1. c4 Nc6 2. Nf3 e5 3. Nc3 Bc5 4. e3 Nf6 5. a3 d6 6. b4 Bb6 7. Be2 a5 8. Rb1 e4
9. Ng5 Bf5 10. Qc2 axb4 11. axb4 Qe7 12. Nd5 Nxd5 13. cxd5 Qxg5 14. dxc6 Qxg2
15. Rf1 bxc6 16. Qxc6+ Ke7 17. Bb2 Bd7 18. Qd5 Be6 19. Qh5 Qg6 20. Qh4+ Kd7 21.
Bh5 Qh6 22. Rg1 f6 23. Rxg7+ Qxg7 24. Bxf6 Qg1+ 25. Ke2 Qxb1 26. Bc3 Bc4+ 0-1

[Event "World Blitz 2015"]
[Site "Berlin GER"]
[Date "2015.10.13"]
[Round "10.83"]
[White "Tari, Aryan"]
[Black "Richter, Michael"]
[Result "1-0"]
[WhiteTitle "IM"]
[BlackTitle "GM"]
[WhiteElo "2521"]
[BlackElo "2517"]
[WhiteFideId "1510045"]
[BlackFideId "4618920"]
[EventDate "2015.10.13"]

1. c4 e6 2. d4 d5 3. Nf3 c6 4. Nc3 dxc4 5. a4 Bb4 6. e4 b5 7. Bd2 a5 8. axb5
Bxc3 9. Bxc3 cxb5 10. b3 Bb7 11. d5 Nf6 12. bxc4 b4 13. Bd4 Nxe4 14. Bxg7 Rg8
15. Bd4 exd5 16. Bd3 Rxg2 17. Ne5 Qf6 18. Qe2 Qe6 19. cxd5 Qxd5 20. Bb5+ Kf8 21.
Rd1 Ba6 22. Nd7+ Kg8 23. Nf6+ Nxf6 24. Bxf6 Bxb5 25. Rxd5 Nc6 1-0

[Event "World Blitz 2015"]
[Site "Berlin GER"]
[Date "2015.10.13"]
[Round "10.84"]
[White "Seel, Christian"]
[Black "Carlstedt, Jonathan"]
[Result "0-1"]
[WhiteTitle "IM"]
[BlackTitle "IM"]
[WhiteElo "2474"]
[BlackElo "2442"]
[WhiteFideId "4663098"]
[BlackFideId "24614386"]
[EventDate "2015.10.13"]

1. Nf3 g6 2. e4 Bg7 3. c4 e6 4. d4 Ne7 5. Nc3 d5 6. Be2 Nbc6 7. Be3 a6 8. O-O
O-O 9. Qd2 dxe4 10. Nxe4 Nf5 11. Rad1 Nxe3 12. Qxe3 Qe7 13. Rfe1 b6 14. Ng3 Bb7
15. Ne5 Rad8 16. f4 Nxe5 17. dxe5 Rxd1 18. Rxd1 Rd8 19. Rxd8+ Qxd8 20. Qd3 Qxd3
21. Bxd3 a5 22. Be4 Ba6 23. b3 Bf8 24. Bc6 Bc5+ 25. Kf1 Be3 26. Ne2 g5 27. g3
Kg7 28. Kg2 f6 29. exf6+ Kxf6 30. Kf3 gxf4 31. gxf4 Bc5 32. Ng3 Ke7 33. Ne4 Bg1
34. h3 Bd4 35. h4 Bc8 36. h5 h6 37. Kg4 Be3 38. Kf3 Bd4 39. Kg4 Bb2 40. Kf3 e5
41. Ng3 exf4 42. Kxf4 Bc1+ 43. Kf3 Kf6 44. Ne4+ Ke5 45. Ng3 Be6 46. Be4 Bf7 47.
Kg4 a4 48. Bg6 Bg8 49. Ne4 a3 50. Kf3 b5 51. Nc3 bxc4 52. b4 Bb2 53. Nb5 c3 54.
Bb1 c2 55. Bxc2 Bxa2 56. Ke3 Bf7 57. Nxc7 a2 58. Na6 a1=Q 59. Bd3 Qg1+ 60. Kd2
Qf2+ 61. Be2 Bc4 0-1

[Event "World Blitz 2015"]
[Site "Berlin GER"]
[Date "2015.10.13"]
[Round "10.85"]
[White "Kovalev, Vladislav"]
[Black "Vogel, Roven"]
[Result "1-0"]
[WhiteTitle "GM"]
[WhiteElo "2546"]
[BlackElo "2417"]
[WhiteFideId "13504398"]
[BlackFideId "12908088"]
[EventDate "2015.10.13"]

1. d4 Nf6 2. Nc3 d5 3. Bf4 e6 4. Nb5 Na6 5. e3 c6 6. Nc3 Qb6 7. Rb1 Be7 8. Nf3
Bd7 9. Ne5 c5 10. Be2 O-O 11. O-O Rac8 12. a4 Qa5 13. Nb5 c4 14. Nxd7 Nxd7 15.
c3 Nab8 16. f3 Nc6 17. e4 dxe4 18. fxe4 e5 19. Be3 a6 20. d5 axb5 21. dxc6 Nc5
22. cxb7 Nxb7 23. axb5 Qxb5 24. b4 Qc6 25. Ra1 Qxe4 26. Qc1 Nd6 27. Ra7 Rfe8 28.
Bf3 Qg6 29. Bd5 Nf5 30. Be4 Nxe3 31. Bxg6 Nxf1 32. Be4 Bd8 33. Kxf1 Bb6 34. Rb7
Bd8 35. Bd5 Rf8 36. Qd1 Bf6 37. Qh5 g6 38. Qf3 Kg7 39. b5 Ra8 40. g3 Ra1+ 41.
Kg2 h5 42. h4 Ra2+ 43. Kh3 Rc2 44. Be4 Rb2 45. b6 Bd8 46. Bd5 Bf6 47. Bxc4 e4
48. Qxe4 Rd2 49. Bd3 Bxc3 1-0

[Event "World Blitz 2015"]
[Site "Berlin GER"]
[Date "2015.10.13"]
[Round "10.87"]
[White "Polzin, Rainer"]
[Black "Pavlovic, Milos"]
[Result "1-0"]
[WhiteTitle "GM"]
[BlackTitle "GM"]
[WhiteElo "2416"]
[BlackElo "2481"]
[WhiteFideId "4610741"]
[BlackFideId "900389"]
[EventDate "2015.10.13"]

1. e4 e5 2. Nf3 Nc6 3. Bb5 Nf6 4. O-O Nxe4 5. Re1 Nd6 6. Nxe5 Be7 7. Bf1 Nxe5 8.
Rxe5 O-O 9. Nc3 Bf6 10. Re1 b6 11. Nd5 Bb7 12. Nxf6+ Qxf6 13. c3 Rfe8 14. d4
Rxe1 15. Qxe1 Re8 16. Be3 Qg6 17. Qd2 Nf5 18. Bf4 d6 19. Re1 Re6 20. d5 Re7 21.
c4 a5 22. Bg3 h5 23. Bd3 Kf8 24. Rxe7 Kxe7 25. Qf4 Bc8 26. Bh4+ f6 27. f3 Qh7
28. Bf2 Qh6 29. Qxh6 Nxh6 30. Kf1 g5 31. b3 Nf7 32. Bd4 h4 33. a3 Ne5 34. Bxe5
dxe5 35. b4 f5 36. c5 axb4 37. axb4 bxc5 38. bxc5 Kf6 39. Ke2 Bb7 40. Bc4 e4 41.
fxe4 fxe4 42. d6 cxd6 43. cxd6 Bc6 44. Ke3 Ke5 45. g3 h3 46. Bf1 g4 47. Be2 Bd7
48. Bd1 Bf5 49. Bc2 Kxd6 50. Bxe4 Be6 51. Kf4 Kc5 52. Bg6 Kd4 53. Bh5 1-0

[Event "World Blitz 2015"]
[Site "Berlin GER"]
[Date "2015.10.13"]
[Round "10.88"]
[White "Choukri, Adel"]
[Black "Thornton, Giovanni Antonio"]
[Result "1-0"]
[WhiteTitle "CM"]
[WhiteElo "2199"]
[BlackElo "2207"]
[WhiteFideId "9000399"]
[BlackFideId "4300963"]
[EventDate "2015.10.13"]

1. e4 e6 2. d4 d5 3. Nc3 Bb4 4. e5 c5 5. a3 Bxc3+ 6. bxc3 Qc7 7. Nf3 b6 8. h4
Ba6 9. Bxa6 Nxa6 10. Qd3 Nb8 11. h5 h6 12. a4 Nd7 13. Rh3 Ne7 14. Nh4 Rc8 15.
Kd1 cxd4 16. cxd4 Nc6 17. Ba3 Ndxe5 18. dxe5 Nxe5 19. Qb5+ Nd7 20. c3 Qf4 21.
Qb4 Qxb4 22. Bxb4 a5 23. Ba3 Ne5 24. Rg3 Rg8 25. Nf5 exf5 26. Re3 f6 27. f4 Kf7
28. fxe5 fxe5 29. Rxe5 Kf6 30. Rxd5 Kg5 31. Kc2 Rge8 32. Rf1 Kxh5 33. Rdxf5+ Kg6
34. Kb3 Re3 35. Bb2 Rg3 36. Rb5 Rc6 37. Rf2 Rg4 38. Rd2 Rg3 39. Rbd5 Rf6 40. Rd7
Kf5 41. R2d5+ Ke4 42. Rd4+ Ke3 43. Bc1+ Kf2 44. Rd2+ Kg1 45. Re7 Rc6 46. Re1+
Kh2 47. Rc2 Rxg2 48. Bf4+ Kh3 49. Rh1+ Kg4 50. Rxg2+ Kxf4 51. Rxg7 Kf5 52. Rg2
Rd6 53. Rf1+ Ke5 54. Re2+ 1-0

[Event "World Blitz 2015"]
[Site "Berlin GER"]
[Date "2015.10.13"]
[Round "10.89"]
[White "Ben Artzi, Ido"]
[Black "Thiede, Lars"]
[Result "1-0"]
[WhiteTitle "IM"]
[BlackTitle "IM"]
[WhiteElo "2419"]
[BlackElo "2437"]
[WhiteFideId "2810913"]
[BlackFideId "4607759"]
[EventDate "2015.10.13"]

1. d4 g6 2. Nf3 Bg7 3. e4 d6 4. Nc3 Nf6 5. Be2 O-O 6. O-O Nc6 7. d5 Nb8 8. h3 e5
9. dxe6 Bxe6 10. Nd4 Bd7 11. Be3 Re8 12. Bc4 c6 13. Qf3 b5 14. Bb3 a5 15. a3 Na6
16. e5 dxe5 17. Nxc6 Qc7 18. Ne7+ Kf8 19. Ned5 Qc6 20. Nxf6 Qxf6 21. Qe2 Bc6 22.
Nxb5 Kg8 23. Rfd1 Bf8 24. Bd5 Bxd5 25. Rxd5 Qc6 26. Rad1 Rab8 27. c4 Nc5 28. Nd6
Bxd6 29. Rxd6 Qc8 30. R6d5 Na4 31. Rxa5 Nxb2 32. Rb1 Qd8 33. Rd5 Qc8 34. Rxb2
Rxb2 35. Qxb2 Qxc4 36. Rxe5 Rc8 37. Rb5 h5 38. Rb8 Kh7 39. Rxc8 Qxc8 40. a4 Qd7
41. a5 Qd1+ 42. Kh2 Qd6+ 43. g3 h4 44. Bf4 Qc5 45. Qb6 hxg3+ 46. Bxg3 Qc4 47.
Qc7 Qd5 48. a6 1-0

[Event "World Blitz 2015"]
[Site "Berlin GER"]
[Date "2015.10.13"]
[Round "10.90"]
[White "Hovhannisyan, Mher"]
[Black "Cordeiro, Marco Aurelio Zaror"]
[Result "1-0"]
[WhiteTitle "IM"]
[WhiteElo "2499"]
[BlackElo "2228"]
[WhiteFideId "13300865"]
[BlackFideId "2117991"]
[EventDate "2015.10.13"]

1. e4 Nf6 2. Nc3 d6 3. d4 g6 4. Nf3 Bg7 5. Bc4 O-O 6. O-O Nxe4 7. Nxe4 d5 8. Bd3
dxe4 9. Bxe4 Nc6 10. c3 Re8 11. Bf4 Bg4 12. h3 Bxf3 13. Qxf3 Qd7 14. Rad1 Rad8
15. Rfe1 e6 16. Bg5 Rb8 17. Bf4 Nd8 18. Bc2 Rc8 19. Bb3 c6 20. h4 h5 21. g3 b6
22. g4 hxg4 23. Qxg4 Nb7 24. h5 gxh5 25. Qxh5 Nd6 26. Bc2 f5 27. Bxd6 Qxd6 28.
Bxf5 Re7 29. Bg6 Qd5 30. Qxd5 cxd5 31. Re2 Bf6 32. Bc2 Kf7 33. Kf1 Rh8 34. Rd3
Rh1+ 35. Kg2 Rc1 36. Rg3 1-0

[Event "World Blitz 2015"]
[Site "Berlin GER"]
[Date "2015.10.13"]
[Round "10.91"]
[White "Sawlin, Leonid"]
[Black "Carstensen, Jacob"]
[Result "0-1"]
[BlackTitle "IM"]
[WhiteElo "2258"]
[BlackElo "2352"]
[WhiteFideId "4689542"]
[BlackFideId "1404180"]
[EventDate "2015.10.13"]

1. e4 c5 2. Nf3 d6 3. d4 Nf6 4. Nc3 cxd4 5. Nxd4 a6 6. h3 b5 7. g4 Bb7 8. Bg2 e6
9. O-O Nbd7 10. g5 b4 11. gxf6 bxc3 12. fxg7 Bxg7 13. bxc3 O-O 14. Rb1 Nc5 15.
Qg4 Kh8 16. Ba3 Qc7 17. Qg3 Be5 18. f4 Rg8 19. Qf2 Bxe4 20. Nf3 Bxc3 21. Qe3 Bf6
22. Rf2 Bd5 23. Kh2 Ne4 24. Ng5 Nxf2 0-1

[Event "World Blitz 2015"]
[Site "Berlin GER"]
[Date "2015.10.13"]
[Round "10.92"]
[White "Koehler, Gerhard2"]
[Black "Camacho Collados, Jose"]
[Result "0-1"]
[BlackTitle "IM"]
[WhiteElo "2173"]
[BlackElo "2383"]
[WhiteFideId "12909700"]
[BlackFideId "2265427"]
[EventDate "2015.10.13"]

1. c4 Nf6 2. Nc3 c5 3. g3 g6 4. Bg2 Bg7 5. a3 O-O 6. Rb1 d6 7. b4 h5 8. bxc5
dxc5 9. Bxb7 Bxb7 10. Rxb7 h4 11. Nf3 h3 12. Qc2 Nc6 13. d3 Nd4 14. Nxd4 cxd4
15. Rb5 0-1

[Event "World Blitz 2015"]
[Site "Berlin GER"]
[Date "2015.10.13"]
[Round "10.93"]
[White "Hilverda, Alexander"]
[Black "Wendt, Jan-Dietrich"]
[Result "1-0"]
[BlackTitle "FM"]
[WhiteElo "2384"]
[BlackElo "2332"]
[WhiteFideId "4695437"]
[BlackFideId "4623797"]
[EventDate "2015.10.13"]

1. d4 Nf6 2. c4 g6 3. Nc3 d5 4. Nf3 Bg7 5. Qb3 dxc4 6. Qxc4 O-O 7. e4 Nfd7 8.
Be3 Nb6 9. Qb3 Bg4 10. Rd1 Nc6 11. d5 Ne5 12. Be2 Nxf3+ 13. Bxf3 Bxf3 14. gxf3
Qd7 15. h4 c6 16. dxc6 Qxc6 17. h5 e6 18. h6 Bh8 19. O-O Rfd8 20. Nb5 Nd7 21.
Rc1 Qa6 22. f4 Nf6 23. Nc7 Qe2 24. f3 Rd3 25. Nxa8 Qxe3+ 26. Kh1 Rd8 27. Qxe3 1-0

[Event "World Blitz 2015"]
[Site "Berlin GER"]
[Date "2015.10.13"]
[Round "10.94"]
[White "Zepeda, Lorena"]
[Black "Lagunow, Raphael"]
[Result "0-1"]
[WhiteTitle "WIM"]
[WhiteElo "2106"]
[BlackElo "2164"]
[WhiteFideId "6700233"]
[BlackFideId "24652644"]
[EventDate "2015.10.13"]

1. e4 c5 2. Nf3 Nc6 3. d4 cxd4 4. Nxd4 Nf6 5. Nc3 e5 6. Ndb5 d6 7. Bg5 a6 8. Na3
b5 9. Nd5 Be7 10. Bxf6 Bxf6 11. c4 Nd4 12. cxb5 Be6 13. Nc3 O-O 14. bxa6 Qa5 15.
Bd3 Rfb8 16. Qd2 d5 17. O-O dxe4 18. Bxe4 Rxa6 19. Rfd1 Rab6 20. Nd5 Qxd2 21.
Nxf6+ gxf6 22. Rxd2 Rxb2 23. Rxb2 Rxb2 24. h3 Bxa2 25. Nb1 f5 26. Nc3 fxe4 27.
Nxa2 Nc2 28. Rc1 Rxa2 29. Rb1 Nd4 30. Re1 f5 31. Rb1 Kg7 32. Rb6 f4 33. Rd6 e3
34. fxe3 fxe3 35. Rd7+ Kg6 36. Rc7 Ra1+ 37. Kh2 e2 0-1

[Event "World Blitz 2015"]
[Site "Berlin GER"]
[Date "2015.10.13"]
[Round "11.4"]
[White "Aronian, Levon"]
[Black "Bartel, Mateusz"]
[Result "1-0"]
[WhiteTitle "GM"]
[BlackTitle "GM"]
[WhiteElo "2784"]
[BlackElo "2622"]
[WhiteFideId "13300474"]
[BlackFideId "1112635"]
[EventDate "2015.10.13"]

1. c4 e5 2. Nc3 d6 3. Nf3 f5 4. g3 Nf6 5. d4 e4 6. Nh4 Be7 7. Bg5 O-O 8. e3 c6
9. Ng2 Na6 10. Nf4 Nc7 11. h4 d5 12. Rc1 Bd6 13. h5 Bxf4 14. Bxf4 Ne6 15. cxd5
Nxf4 16. gxf4 cxd5 17. Qb3 Rf7 18. Be2 Be6 19. Kd2 Rc8 20. a3 Rfc7 21. Nb5 Rxc1
22. Rxc1 Rxc1 23. Kxc1 a6 24. Nc3 Qc7 25. Kd2 Bf7 26. Qb4 g6 27. h6 Be8 28. a4
Kf7 29. Bd1 Bc6 30. Bb3 Qe7 31. Qb6 Qd7 32. Qc5 Qe7 33. Nxd5 Qxc5 34. Nxf6+ Kxf6
35. dxc5 g5 36. Bg8 Kg6 37. fxg5 Bxa4 38. Kc3 Bd7 39. Kd4 Kxg5 40. Bxh7 Kxh6 41.
Bg8 Kg5 42. Ke5 Kg4 43. Bd5 Bc8 44. Be6 Bxe6 45. Kxe6 f4 46. Ke5 fxe3 47. fxe3
Kf3 48. Kd4 a5 49. b3 1-0